000 00442nam a22001817a 4500
003 koha_MIRAKIL
005 20231213065353.0
008 231213b |||||||| |||| 00| 0 ||| d
020 _b978-9-75868889-0
040 _aTR-IsEVY
_btur
_cTR-IsEVY
082 _a833 GOE/G
100 _aGOETHE,.
245 0 _aGENÇ WERTHER'İN ACILARI.
260 _bBORDA SİYAH,
_c2008
300 _a195.
650 _aTürk Edebiyatı.
942 _2ddc
_cBK
999 _c2515
_d2515